Chicago Marathon Top Countries of Runners - Statistics

General Stats
  • This quiz has been taken 18 times
  • The average score is 12 of 18
Answer Stats
Time Runner Country % Correct
2:03:45 Dennis Kimetto Kenya
94%
2:05:39 Khalid Khannouchi Morocco / United States
94%
2:05:11 Mohamed Farah United Kingdom
94%
2:08:57 Alejandro Cruz Mexico
88%
2:08:48 Marilson dos Santos Brazil
82%
2:09:06 Carlos Lopes Portugal
82%
2:08:53 Dong Guojian China
76%
2:04:32 Tsegaye Mekonnen Ethiopia
76%
2:09:26 Mohamed Ouaadi France
76%
2:09:57 Pier-Giovanni Poli Italy
76%
2:05:50 Sugaru Osako Japan
76%
2:06:14 Bashir Abdi Belgium
47%
2:09:08 Ghirmay Ghebreslassie Eritrrea
47%
2:09:41 Antóni Niemczak Poland
47%
2:08:48 Robert de Castella Australia
41%
2:07:45 Gert Thys Russia
41%
2:08:08 Djama Robleh Djibouti
29%
2:09:49 Silvio Guerra Ecuador
12%
No matching quizzes found
Score Distribution
Percent of People with Each Score
Percentile by Number Answered
Your Score History
You have not taken this quiz